|
|
|
|
| LEADER |
00614cam a2200205 a 4500 |
| 001 |
0000063858 |
| 005 |
20050715090000.0 |
| 040 |
|
|
|a mod
|
| 041 |
|
|
|a eng
|
| 020 |
0 |
0 |
|a 0735614490
|
| 090 |
0 |
0 |
|a 005.369
|b MIC
|e 2001
|
| 245 |
0 |
0 |
|a Microsoft Office XP Plain & Simple
|c Carol Brow, Resources Online
|
| 260 |
0 |
0 |
|a Redmond, Washington
|b Microsoft Press
|c 2001
|
| 300 |
0 |
0 |
|a xii, 353 p.
|b ill
|c 19 cm.
|
| 500 |
0 |
0 |
|a Includes index.
|
| 650 |
0 |
0 |
|a Business
|x Computer programs
|
| 650 |
0 |
0 |
|a Microsoft office
|
| 700 |
1 |
1 |
|a Brow
|h Carol
|
| 852 |
0 |
0 |
|a 01
|
| 999 |
|
|
|a 0208717
|b KEMENTAH
|d BOOKS
|e Umum
|f Perpustakaan KEMENTAH
|j AVAILABLE
|q GOOD CONDITION
|